000 00708nam a2200205Ia 4500
003 GCL
008 140319s9999 xx 000 0 ara d
040 _aGCL /
_cGCL
082 0 4 _aق
_b953.0738
_bا م
100 1 _aابراهيم جلال
245 1 0 _aالمعزلدين الله الفاطمى وتشيد مدينة القاهرة /
_cابراهيم جلال
260 _aالقاهرة :
_bدار الفكر العربى ،
_c1963
300 _a141 ص ؛
_c24 سم
490 _aالالف كتاب
_v483
650 0 4 _aالدولة الفاطمية
650 0 4 _aالقاهرة
650 0 4 _aالمعز لدين الله
650 0 4 _aمصر - التاريخ الاسلامى
942 _2ddc
_cBK
999 _c42887
_d42887